000 00384nam a2200169Ia 4500
003 OSt
005 20240116122023.0
008 170620s9999 xx 000 0 und d
020 _a8172160470
040 _cIIMT UNIVERSITY
100 _aVijaya
245 0 _aHand book of Sports Medicine
260 _bNew delhi.Friends Pub
260 _c2001
300 _a313
942 _2ddc
_c06
999 _c27794
_d27794